[Event "Stay Safe Play From Home 263"]
[Site "Emanuel Lasker Arena"]
[Date "2020.06.29"]
[Round "4"]
[White "Fischer_11"]
[Black "Broken sword"]
[Result "0-1"]
[WhiteElo "1926"]
[BlackElo "2431"]
[Annotator "NA"]
[PlyCount "112"]
[EventDate "2020.06.29"]
[EventType "swiss (blitz)"]

1. e4 {[%emt 0:00:02]} c5 {[%emt 0:00:01]} 2. c3 {[%emt 0:00:01]} e6 {[%emt 0:00:00]} 3. d4 {[%emt 0:00:01]} a6 {[%emt 0:00:00]} 4. d5 {[%emt 0:00:01]} exd5 {[%emt 0:00:00]} 5. exd5 {[%emt 0:00:00]} d6 {[%emt 0:00:00]} 6. c4 {[%emt 0:00:01]} Nf6 {[%emt 0:00:00]} 7. Nc3 {[%emt 0:00:00]} Be7 {[%emt 0:00:00]} 8. Bg5 {[%emt 0:00:01]} Bg4 {[%emt 0:00:00]} 9. Nf3 {[%emt 0:00:00]} O-O {[%emt 0:00:01]} 10. Be2 {[%emt 0:00:01]} Nbd7 {[%emt 0:00:01]} 11. O-O {[%emt 0:00:01]} Re8 {[%emt 0:00:01]} 12. h3 {[%emt 0:00:01]} Bh5 {[%emt 0:00:01]} 13. Re1 {[%emt 0:00:02]} Qc7 {[%emt 0:00:01]} 14. Rc1 {[%emt 0:00:01]} b6 {[%emt 0:00:01]} 15. b3 {[%emt 0:00:01]} Rab8 {[%emt 0:00:01]} 16. a4 {[%emt 0:00:03]} Bf8 {[%emt 0:00:01]} 17. g4 {[%emt 0:00:05]} Bg6 {[%emt 0:00:01]} 18. Nh4 {[%emt 0:00:01]} Be7 {[%emt 0:00:01]} 19. Nxg6 {[%emt 0:00:01]} hxg6 {[%emt 0:00:00]} 20. Bf3 {[%emt 0:00:02]} Qd8 {[%emt 0:00:01]} 21. Qd3 {[%emt 0:00:02]} Nh7 {[%emt 0:00:01]} 22. Bxe7 {[%emt 0:00:02]} Rxe7 {[%emt 0:00:00]} 23. Rxe7 {[%emt 0:00:02]} Qxe7 {[%emt 0:00:00]} 24. Kf1 {[%emt 0:00:01]} Re8 {[%emt 0:00:01]} 25. Qd2 {[%emt 0:00:04]} Ng5 {[%emt 0:00:01]} 26. Bg2 {[%emt 0:00:02]} Nh7 {[%emt 0:00:03]} 27. Re1 {[%emt 0:00:01]} Qd8 {[%emt 0:00:00]} 28. Rxe8+ {[%emt 0:00:02]} Qxe8 {[%emt 0:00:00]} 29. Qe3 {[%emt 0:00:00]} Qe5 {[%emt 0:00:01]} 30. Ke2 {[%emt 0:00:08]} Nhf6 {[%emt 0:00:01]} 31. Qxe5 {[%emt 0:00:02]} Nxe5 {[%emt 0:00:01]} 32. f4 {[%emt 0:00:01]} Ned7 {[%emt 0:00:01]} 33. Be4 {[%emt 0:00:01]} Ne8 {[%emt 0:00:01]} 34. Ke3 {[%emt 0:00:01]} Kf8 {[%emt 0:00:01]} 35. f5 {[%emt 0:00:01]} gxf5 {[%emt 0:00:02]} 36. Bxf5 {[%emt 0:00:00]} Ne5 {[%emt 0:00:01]} 37. Ne4 {[%emt 0:00:00]} a5 {[%emt 0:00:01]} 38. h4 {[%emt 0:00:02]} Ke7 {[%emt 0:00:01]} 39. h5 {[%emt 0:00:01]} f6 {[%emt 0:00:01]} 40. Kf4 {[%emt 0:00:01]} Nf7 {[%emt 0:00:01]} 41. g5 {[%emt 0:00:01]} Nxg5 {[%emt 0:00:01]} 42. Nxg5 {[%emt 0:00:00]} fxg5+ {[%emt 0:00:00]} 43. Kxg5 {[%emt 0:00:01]} Kf8 {[%emt 0:00:00]} 44. Kg6 {[%emt 0:00:00]} Nf6 {[%emt 0:00:01]} 45. Be6 {[%emt 0:00:01]} Ne4 {[%emt 0:00:01]} 46. h6 {[%emt 0:00:00]} gxh6 {[%emt 0:00:01]} 47. Kxh6 {[%emt 0:00:00]} Nd2 {[%emt 0:00:00]} 48. Kg6 {[%emt 0:00:00]} Nxb3 {[%emt 0:00:01]} 49. Kf6 {[%emt 0:00:00]} Nd2 {[%emt 0:00:01]} 50. Bd7 {[%emt 0:00:00]} Nxc4 {[%emt 0:00:01]} 51. Bb5 {[%emt 0:00:00]} Ne3 {[%emt 0:00:01]} 52. Ke6 {[%emt 0:00:00]} c4 {[%emt 0:00:02]} 53. Kxd6 {[%emt 0:00:01]} c3 {[%emt 0:00:00]} 54. Bd3 {[%emt 0:00:00]} c2 {[%emt 0:00:01]} 55. Bxc2 {[%emt 0:00:00]} Nxc2 {[%emt 0:00:00]} 56. Kc6 {[%emt 0:00:00]} Nb4+ {[%emt 0:00:02] Zeit (Lag: Av=0.31s, max=0.8s)} 0-1

[Event "Stay Safe Play From Home 263"]
[Site "Emanuel Lasker Arena"]
[Date "2020.06.29"]
[Round "4"]
[White "NeatFox"]
[Black "Klasman"]
[Result "1-0"]
[WhiteElo "1849"]
[BlackElo "1307"]
[Annotator "NA"]
[PlyCount "39"]
[EventDate "2020.06.29"]
[EventType "swiss (blitz)"]

1. g4 {[%emt 0:00:01]} e5 {[%emt 0:00:02]} 2. Bg2 {[%emt 0:00:00]} d5 {[%emt 0:00:01]} 3. c4 {[%emt 0:00:00]} d4 {[%emt 0:00:03]} 4. Qb3 {[%emt 0:00:02]} c6 {[%emt 0:00:02]} 5. d3 {[%emt 0:00:02]} Na6 {[%emt 0:00:02]} 6. Nd2 {[%emt 0:00:01]} Nc5 {[%emt 0:00:01]} 7. Qd1 {[%emt 0:00:02]} Bxg4 {[%emt 0:00:01]} 8. b4 {[%emt 0:00:00]} Nd7 {[%emt 0:00:04]} 9. a3 {[%emt 0:00:01]} a5 {[%emt 0:00:02]} 10. Qb3 {[%emt 0:00:02]} axb4 {[%emt 0:00:03]} 11. a4 {[%emt 0:00:01]} b5 {[%emt 0:00:03]} 12. cxb5 {[%emt 0:00:01]} Rb8 {[%emt 0:00:14]} 13. Bxc6 {[%emt 0:00:02]} Qc7 {[%emt 0:00:03]} 14. Nc4 {[%emt 0:00:02]} Ngf6 {[%emt 0:00:03]} 15. a5 {[%emt 0:00:03]} Bc5 {[%emt 0:00:04]} 16. a6 {[%emt 0:00:02]} O-O {[%emt 0:00:02]} 17. Nf3 {[%emt 0:00:04]} Bxf3 {[%emt 0:00:02]} 18. Bxf3 {[%emt 0:00:00]} Nb6 {[%emt 0:00:03]} 19. Nxb6 {[%emt 0:00:01]} Rxb6 {[%emt 0:00:03]} 20. Bd2 {[%emt 0:00:02] Time (Lag: Av=0.41s, max=0.5s)} 1-0

[Event "Stay Safe Play From Home 263"]
[Site "Emanuel Lasker Arena"]
[Date "2020.06.29"]
[Round "4"]
[White "GIULIO19031975"]
[Black "Bishop91"]
[Result "0-1"]
[WhiteElo "1768"]
[BlackElo "1740"]
[Annotator "NA"]
[PlyCount "78"]
[EventDate "2020.06.29"]
[EventType "swiss (blitz)"]

1. e4 {[%emt 0:00:03]} e6 {[%emt 0:00:00]} 2. Nf3 {[%emt 0:00:01]} d5 {[%emt 0:00:00]} 3. e5 {[%emt 0:00:01]} c5 {[%emt 0:00:01]} 4. d4 {[%emt 0:00:01]} Nc6 {[%emt 0:00:00]} 5. Nc3 {[%emt 0:00:05]} Qb6 {[%emt 0:00:01]} 6. dxc5 {[%emt 0:00:01]} Bxc5 {[%emt 0:00:02]} 7. Qe2 {[%emt 0:00:02]} d4 {[%emt 0:00:08]} 8. Ne4 {[%emt 0:00:01]} Qa5+ {[%emt 0:00:01]} 9. Bd2 {[%emt 0:00:01]} Bb4 {[%emt 0:00:00]} 10. c3 {[%emt 0:00:03]} dxc3 {[%emt 0:00:02]} 11. bxc3 {[%emt 0:00:01]} Be7 {[%emt 0:00:03]} 12. c4 {[%emt 0:00:00]} Bb4 {[%emt 0:00:02]} 13. Nd6+ {[%emt 0:00:01]} Ke7 {[%emt 0:00:04]} 14. Rb1 {[%emt 0:00:08]} Bxd2+ {[%emt 0:00:02]} 15. Nxd2 {[%emt 0:00:01]} Qxe5 {[%emt 0:00:03]} 16. Qxe5 {[%emt 0:00:01]} Nxe5 {[%emt 0:00:01]} 17. Nxb7 {[%emt 0:00:01]} Bxb7 {[%emt 0:00:00]} 18. Rxb7+ {[%emt 0:00:01]} Kf6 {[%emt 0:00:00]} 19. Nf3 {[%emt 0:00:03]} Nxf3+ {[%emt 0:00:02]} 20. gxf3 {[%emt 0:00:01]} Ne7 {[%emt 0:00:00]} 21. Bd3 {[%emt 0:00:01]} Rhb8 {[%emt 0:00:02]} 22. Be4 {[%emt 0:00:02]} Rxb7 {[%emt 0:00:01]} 23. Bxb7 {[%emt 0:00:01]} Rb8 {[%emt 0:00:00]} 24. Ba6 {[%emt 0:00:01]} Rb1+ {[%emt 0:00:01]} 25. Ke2 {[%emt 0:00:01]} Rxh1 {[%emt 0:00:00]} 26. Kd3 {[%emt 0:00:02]} Rxh2 {[%emt 0:00:00]} 27. Ke3 {[%emt 0:00:01]} Nf5+ {[%emt 0:00:01]} 28. Ke4 {[%emt 0:00:02]} Rxf2 {[%emt 0:00:01]} 29. a4 {[%emt 0:00:02]} Re2+ {[%emt 0:00:02]} 30. Kd3 {[%emt 0:00:01]} Re3+ {[%emt 0:00:01]} 31. Kc2 {[%emt 0:00:01]} Rxf3 {[%emt 0:00:00]} 32. Bb7 {[%emt 0:00:01]} Ra3 {[%emt 0:00:02]} 33. Bc6 {[%emt 0:00:01]} a5 {[%emt 0:00:00]} 34. Bb5 {[%emt 0:00:00]} Rg3 {[%emt 0:00:01]} 35. Kd2 {[%emt 0:00:01]} Nd4 {[%emt 0:00:00]} 36. Ke1 {[%emt 0:00:03]} h5 {[%emt 0:00:01]} 37. c5 {[%emt 0:00:01]} h4 {[%emt 0:00:00]} 38. c6 {[%emt 0:00:01]} Rc3 {[%emt 0:00:01]} 39. Kf2 {[%emt 0:00:03]} Nxc6 {[%emt 0:00:02] Tempo (Lag: Av=1.30s, max=2.9s)} 0-1

[Event "Stay Safe Play From Home 263"]
[Site "Emanuel Lasker Arena"]
[Date "2020.06.29"]
[Round "5"]
[White "Broken sword"]
[Black "Tolka"]
[Result "1/2-1/2"]
[WhiteElo "2433"]
[BlackElo "2302"]
[PlyCount "140"]
[EventDate "2020.06.29"]
[EventType "swiss (blitz)"]

1. d4 {[%emt 0:00:01]} d6 {[%emt 0:00:02]} 2. c3 {[%emt 0:00:00]} e5 {[%emt 0:00:01]} 3. Nf3 {[%emt 0:00:00]} exd4 {[%emt 0:00:00]} 4. cxd4 {[%emt 0:00:11]} Nc6 {[%emt 0:00:00]} 5. Nc3 {[%emt 0:00:00]} Nf6 {[%emt 0:00:03]} 6. Bg5 {[%emt 0:00:00]} Be7 {[%emt 0:00:00]} 7. e3 {[%emt 0:00:00]} O-O {[%emt 0:00:01]} 8. Bd3 {[%emt 0:00:01]} Bg4 {[%emt 0:00:02]} 9. h3 {[%emt 0:00:01]} Bh5 {[%emt 0:00:01]} 10. O-O {[%emt 0:00:01]} Bg6 {[%emt 0:00:00]} 11. Rc1 {[%emt 0:00:02]} Bxd3 {[%emt 0:00:02]} 12. Qxd3 {[%emt 0:00:00]} Nd7 {[%emt 0:00:01]} 13. Bf4 {[%emt 0:00:01]} Re8 {[%emt 0:00:01]} 14. Rfe1 {[%emt 0:00:01]} Bf8 {[%emt 0:00:01]} 15. a3 {[%emt 0:00:01]} Nf6 {[%emt 0:00:02]} 16. Bg5 {[%emt 0:00:00]} h6 {[%emt 0:00:01]} 17. Bh4 {[%emt 0:00:00]} Be7 {[%emt 0:00:02]} 18. Bxf6 {[%emt 0:00:01]} Bxf6 {[%emt 0:00:01]} 19. Nd5 {[%emt 0:00:00]} g6 {[%emt 0:00:02]} 20. b4 {[%emt 0:00:01]} Bg7 {[%emt 0:00:01]} 21. Qc2 {[%emt 0:00:01]} Rc8 {[%emt 0:00:01]} 22. b5 {[%emt 0:00:01]} Ne7 {[%emt 0:00:01]} 23. Qb3 {[%emt 0:00:01]} Nxd5 {[%emt 0:00:01]} 24. Qxd5 {[%emt 0:00:00]} b6 {[%emt 0:00:01]} 25. a4 {[%emt 0:00:01]} Qd7 {[%emt 0:00:01]} 26. Rc6 {[%emt 0:00:01]} Qe6 {[%emt 0:00:01]} 27. Qc4 {[%emt 0:00:02]} Qxc4 {[%emt 0:00:01]} 28. Rxc4 {[%emt 0:00:00]} d5 {[%emt 0:00:03]} 29. Rc6 {[%emt 0:00:01]} Bf8 {[%emt 0:00:00]} 30. Rec1 {[%emt 0:00:01]} Bd6 {[%emt 0:00:00]} 31. Nd2 {[%emt 0:00:02]} Kf8 {[%emt 0:00:01]} 32. R1c2 {[%emt 0:00:01]} Ke7 {[%emt 0:00:01]} 33. Nb3 {[%emt 0:00:00]} Kd7 {[%emt 0:00:00]} 34. a5 {[%emt 0:00:00]} h5 {[%emt 0:00:02]} 35. a6 {[%emt 0:00:01]} g5 {[%emt 0:00:01]} 36. Nc1 {[%emt 0:00:01]} g4 {[%emt 0:00:01]} 37. h4 {[%emt 0:00:00]} g3 {[%emt 0:00:01]} 38. Nd3 {[%emt 0:00:01]} gxf2+ {[%emt 0:00:01]} 39. Kxf2 {[%emt 0:00:00]} f6 {[%emt 0:00:01]} 40. Kf3 {[%emt 0:00:01]} Re4 {[%emt 0:00:01]} 41. g3 {[%emt 0:00:02]} Rce8 {[%emt 0:00:01]} 42. Re2 {[%emt 0:00:01]} Rg4 {[%emt 0:00:01]} 43. Nf4 {[%emt 0:00:01]} Bxf4 {[%emt 0:00:02]} 44. gxf4 {[%emt 0:00:00]} Rxh4 {[%emt 0:00:01]} 45. Rec2 {[%emt 0:00:02]} Rc8 {[%emt 0:00:02]} 46. Rxf6 {[%emt 0:00:01]} Rh3+ {[%emt 0:00:02]} 47. Kg2 {[%emt 0:00:01]} Rxe3 {[%emt 0:00:01]} 48. Rh6 {[%emt 0:00:01]} Re7 {[%emt 0:00:00]} 49. Rxh5 {[%emt 0:00:01]} Rg8+ {[%emt 0:00:00]} 50. Kf3 {[%emt 0:00:01]} Rge8 {[%emt 0:00:00]} 51. Rxd5+ {[%emt 0:00:01]} Kc8 {[%emt 0:00:01]} 52. Re5 {[%emt 0:00:00]} Rxe5 {[%emt 0:00:01]} 53. dxe5 {[%emt 0:00:00]} Kd7 {[%emt 0:00:00]} 54. Ke4 {[%emt 0:00:00]} Rh8 {[%emt 0:00:01]} 55. Rd2+ {[%emt 0:00:01]} Ke7 {[%emt 0:00:01]} 56. Rc2 {[%emt 0:00:00]} Rh4 {[%emt 0:00:00]} 57. Rxc7+ {[%emt 0:00:01]} Kd8 {[%emt 0:00:00]} 58. Rxa7 {[%emt 0:00:00]} Rh1 {[%emt 0:00:01]} 59. Rb7 {[%emt 0:00:01]} Re1+ {[%emt 0:00:00]} 60. Kf5 {[%emt 0:00:00]} Kc8 {[%emt 0:00:01]} 61. Rxb6 {[%emt 0:00:00]} Kc7 {[%emt 0:00:00]} 62. Rb7+ {[%emt 0:00:00]} Kc8 {[%emt 0:00:00]} 63. b6 {[%emt 0:00:00]} Rc1 {[%emt 0:00:00]} 64. e6 {[%emt 0:00:03]} Rc6 {[%emt 0:00:00]} 65. Rc7+ {[%emt 0:00:01]} Rxc7 {[%emt 0:00:01]} 66. bxc7 {[%emt 0:00:00]} Kxc7 {[%emt 0:00:00]} 67. Kf6 {[%emt 0:00:00]} Kd6 {[%emt 0:00:00] '} 68. e7 {[%emt 0:00:01]} Kc5 {[%emt 0:00:00]} 69. e8=Q {[%emt 0:00:00]} Kc4 {[%emt 0:00:00]} 70. a7 {[%emt 0:00:00]} Kb3 {[%emt 0:00:00] Time (Lag: Av=0.25s, max=0.6s)} 1/2-1/2

[Event "Stay Safe Play From Home 263"]
[Site "Emanuel Lasker Arena"]
[Date "2020.06.29"]
[Round "5"]
[White "Mepe_Nika"]
[Black "Weltszmerc"]
[Result "1-0"]
[WhiteElo "2408"]
[BlackElo "2135"]
[PlyCount "87"]
[EventDate "2020.06.29"]
[EventType "swiss (blitz)"]

1. d4 {[%emt 0:00:01]} Nf6 {[%emt 0:00:00]} 2. Bf4 {[%emt 0:00:01]} b6 {[%emt 0:00:00]} 3. e3 {[%emt 0:00:01]} Bb7 {[%emt 0:00:00]} 4. a4 {[%emt 0:00:01]} d6 {[%emt 0:00:00]} 5. a5 {[%emt 0:00:00]} a6 {[%emt 0:00:01]} 6. axb6 {[%emt 0:00:01]} cxb6 {[%emt 0:00:00]} 7. Nf3 {[%emt 0:00:00]} Nbd7 {[%emt 0:00:01]} 8. h3 {[%emt 0:00:00]} g6 {[%emt 0:00:00]} 9. Be2 {[%emt 0:00:01]} Bg7 {[%emt 0:00:00]} 10. O-O {[%emt 0:00:00]} O-O {[%emt 0:00:00]} 11. Nbd2 {[%emt 0:00:00]} Re8 {[%emt 0:00:00]} 12. c3 {[%emt 0:00:00]} e5 {[%emt 0:00:02]} 13. Bh2 {[%emt 0:00:00]} e4 {[%emt 0:00:01]} 14. Ne1 {[%emt 0:00:01]} d5 {[%emt 0:00:01]} 15. Nc2 {[%emt 0:00:01]} b5 {[%emt 0:00:01]} 16. b3 {[%emt 0:00:01]} Nb6 {[%emt 0:00:01]} 17. c4 {[%emt 0:00:01]} bxc4 {[%emt 0:00:01]} 18. bxc4 {[%emt 0:00:00]} dxc4 {[%emt 0:00:01]} 19. Nxc4 {[%emt 0:00:00]} Nxc4 {[%emt 0:00:01]} 20. Bxc4 {[%emt 0:00:00]} Nd5 {[%emt 0:00:01]} 21. Qd2 {[%emt 0:00:02]} Rc8 {[%emt 0:00:02]} 22. Ba2 {[%emt 0:00:01]} Qc7 {[%emt 0:00:04]} 23. Bxc7 {[%emt 0:00:01]} Rxc7 {[%emt 0:00:00]} 24. Nb4 {[%emt 0:00:00]} Nc3 {[%emt 0:00:01]} 25. Rfc1 {[%emt 0:00:02]} Rec8 {[%emt 0:00:01]} 26. Rc2 {[%emt 0:00:06]} a5 {[%emt 0:00:01]} 27. Rxc3 {[%emt 0:00:03]} Rxc3 {[%emt 0:00:03]} 28. Nd5 {[%emt 0:00:00]} Rc2 {[%emt 0:00:00]} 29. Qxa5 {[%emt 0:00:02]} Rc1+ {[%emt 0:00:05]} 30. Rxc1 {[%emt 0:00:01]} Rxc1+ {[%emt 0:00:00]} 31. Kh2 {[%emt 0:00:00]} Bf8 {[%emt 0:00:01]} 32. Qa7 {[%emt 0:00:07]} Bd6+ {[%emt 0:00:05]} 33. g3 {[%emt 0:00:01]} Rc2 {[%emt 0:00:02]} 34. Kg2 {[%emt 0:00:04]} Kg7 {[%emt 0:00:04]} 35. Nf4 {[%emt 0:00:03]} Rb2 {[%emt 0:00:06]} 36. Bd5 {[%emt 0:00:02]} Bxd5 {[%emt 0:00:02]} 37. Nxd5 {[%emt 0:00:00]} h5 {[%emt 0:00:02]} 38. Qd7 {[%emt 0:00:01]} Ba3 {[%emt 0:00:01]} 39. Qc6 {[%emt 0:00:01]} Ra2 {[%emt 0:00:03]} 40. Qf6+ {[%emt 0:00:01]} Kg8 {[%emt 0:00:01]} 41. Ne7+ {[%emt 0:00:00]} Kf8 {[%emt 0:00:01]} 42. Nxg6+ {[%emt 0:00:01]} Ke8 {[%emt 0:00:00]} 43. Ne5 {[%emt 0:00:00]} Kf8 {[%emt 0:00:00]} 44. Qxf7# {[%emt 0:00:00] (Lag: Av=0.63s, max=0.9s)} 1-0

[Event "Stay Safe Play From Home 263"]
[Site "Emanuel Lasker Arena"]
[Date "2020.06.29"]
[Round "5"]
[White "Jhhonnyy"]
[Black "BrainThinker22"]
[Result "1-0"]
[WhiteElo "2389"]
[BlackElo "2247"]
[Annotator "NA"]
[PlyCount "139"]
[EventDate "2020.06.29"]
[EventType "swiss (blitz)"]

1. d4 {[%emt 0:00:01]} c5 {[%emt 0:00:01]} 2. d5 {[%emt 0:00:01]} e5 {[%emt 0:00:01]} 3. c4 {[%emt 0:00:00]} d6 {[%emt 0:00:00]} 4. Nc3 {[%emt 0:00:00]} Be7 {[%emt 0:00:00]} 5. g3 {[%emt 0:00:01]} Bg5 {[%emt 0:00:00]} 6. e3 {[%emt 0:00:00]} Nf6 {[%emt 0:00:02]} 7. Bg2 {[%emt 0:00:00]} O-O {[%emt 0:00:01]} 8. Nge2 {[%emt 0:00:00]} Ne8 {[%emt 0:00:01]} 9. h4 {[%emt 0:00:00]} Be7 {[%emt 0:00:01]} 10. O-O {[%emt 0:00:01]} a6 {[%emt 0:00:01]} 11. e4 {[%emt 0:00:01]} g6 {[%emt 0:00:01]} 12. f4 {[%emt 0:00:01]} exf4 {[%emt 0:00:01]} 13. Bxf4 {[%emt 0:00:00]} Nd7 {[%emt 0:00:01]} 14. Rb1 {[%emt 0:00:01]} Ng7 {[%emt 0:00:01]} 15. a3 {[%emt 0:00:01]} b6 {[%emt 0:00:02]} 16. b4 {[%emt 0:00:01]} Re8 {[%emt 0:00:01]} 17. bxc5 {[%emt 0:00:01]} bxc5 {[%emt 0:00:00]} 18. Nc1 {[%emt 0:00:01]} Bf6 {[%emt 0:00:01]} 19. N3e2 {[%emt 0:00:01]} Be5 {[%emt 0:00:01]} 20. Nd3 {[%emt 0:00:02]} Bxf4 {[%emt 0:00:01]} 21. Nexf4 {[%emt 0:00:01]} Ne5 {[%emt 0:00:01]} 22. Qc2 {[%emt 0:00:01]} Ng4 {[%emt 0:00:02]} 23. Rbe1 {[%emt 0:00:01]} Qe7 {[%emt 0:00:02]} 24. Qc3 {[%emt 0:00:02]} Bd7 {[%emt 0:00:02]} 25. e5 {[%emt 0:00:01]} dxe5 {[%emt 0:00:01]} 26. Ne2 {[%emt 0:00:05]} Ne3 {[%emt 0:00:02]} 27. Rf2 {[%emt 0:00:01]} Nxg2 {[%emt 0:00:01]} 28. Rxg2 {[%emt 0:00:00]} e4 {[%emt 0:00:00]} 29. Ndf4 {[%emt 0:00:01]} Qe5 {[%emt 0:00:01]} 30. Qc1 {[%emt 0:00:02]} f5 {[%emt 0:00:01]} 31. Nc3 {[%emt 0:00:01]} Qd4+ {[%emt 0:00:01]} 32. Kh1 {[%emt 0:00:00]} e3 {[%emt 0:00:01]} 33. Nce2 {[%emt 0:00:02]} Qe4 {[%emt 0:00:01]} 34. Kh2 {[%emt 0:00:00]} Rab8 {[%emt 0:00:03]} 35. Nc3 {[%emt 0:00:01]} Qe7 {[%emt 0:00:01]} 36. Rge2 {[%emt 0:00:01]} Qf6 {[%emt 0:00:03]} 37. Rxe3 {[%emt 0:00:01]} Rxe3 {[%emt 0:00:00]} 38. Rxe3 {[%emt 0:00:00]} Re8 {[%emt 0:00:01]} 39. Qe1 {[%emt 0:00:01]} Rxe3 {[%emt 0:00:02]} 40. Qxe3 {[%emt 0:00:00]} Kf8 {[%emt 0:00:01]} 41. Qxc5+ {[%emt 0:00:03]} Qe7 {[%emt 0:00:00]} 42. Qxe7+ {[%emt 0:00:01]} Kxe7 {[%emt 0:00:00]} 43. Nd3 {[%emt 0:00:01]} Kd6 {[%emt 0:00:01]} 44. Kg2 {[%emt 0:00:01]} Ne8 {[%emt 0:00:01]} 45. Kf3 {[%emt 0:00:00]} Nf6 {[%emt 0:00:01]} 46. Ke3 {[%emt 0:00:00]} Ng4+ {[%emt 0:00:01]} 47. Kd4 {[%emt 0:00:01]} h6 {[%emt 0:00:01]} 48. c5+ {[%emt 0:00:00]} Ke7 {[%emt 0:00:00]} 49. Ne5 {[%emt 0:00:00]} Be8 {[%emt 0:00:03]} 50. Nxg4 {[%emt 0:00:01]} fxg4 {[%emt 0:00:00]} 51. Ne2 {[%emt 0:00:00]} Kf6 {[%emt 0:00:01]} 52. Nc3 {[%emt 0:00:01]} g5 {[%emt 0:00:01]} 53. hxg5+ {[%emt 0:00:01]} Kxg5 {[%emt 0:00:00]} 54. Ne4+ {[%emt 0:00:00]} Kg6 {[%emt 0:00:01]} 55. d6 {[%emt 0:00:01]} Bc6 {[%emt 0:00:01]} 56. Nc3 {[%emt 0:00:01]} Kf7 {[%emt 0:00:00]} 57. Ke5 {[%emt 0:00:00]} Ke8 {[%emt 0:00:00]} 58. Nd5 {[%emt 0:00:00]} Kd7 {[%emt 0:00:00]} 59. Nb4 {[%emt 0:00:01]} Kd8 {[%emt 0:00:00]} 60. Nxc6+ {[%emt 0:00:01]} Kd7 {[%emt 0:00:00]} 61. Ne7 {[%emt 0:00:00]} Kd8 {[%emt 0:00:01]} 62. Nf5 {[%emt 0:00:00]} Kd7 {[%emt 0:00:00]} 63. Nxh6 {[%emt 0:00:00]} Kc6 {[%emt 0:00:00]} 64. Nxg4 {[%emt 0:00:00]} Kxc5 {[%emt 0:00:00]} 65. Ne3 {[%emt 0:00:00]} Kc6 {[%emt 0:00:01]} 66. Ke6 {[%emt 0:00:00]} a5 {[%emt 0:00:00]} 67. d7 {[%emt 0:00:00]} Kc5 {[%emt 0:00:00]} 68. d8=Q {[%emt 0:00:00]} Kb5 {[%emt 0:00:00]} 69. Qxa5+ {[%emt 0:00:00]} Kxa5 {[%emt 0:00:01]} 70. g4 {[%emt 0:00:00] (Lag: Av=0.37s, max=0.7s)} 1-0

[Event "Stay Safe Play From Home 263"]
[Site "Emanuel Lasker Arena"]
[Date "2020.06.29"]
[Round "5"]
[White "Lamborghini"]
[Black "Uber_WING"]
[Result "0-1"]
[WhiteElo "2287"]
[BlackElo "2475"]
[PlyCount "106"]
[EventDate "2020.06.29"]
[EventType "swiss (blitz)"]

1. e4 {[%emt 0:00:01]} d5 {[%emt 0:00:01]} 2. exd5 {[%emt 0:00:01]} Qxd5 {[%emt 0:00:00]} 3. Nc3 {[%emt 0:00:01]} Qd6 {[%emt 0:00:00]} 4. d4 {[%emt 0:00:01]} Nf6 {[%emt 0:00:00]} 5. Nf3 {[%emt 0:00:01]} a6 {[%emt 0:00:00]} 6. g3 {[%emt 0:00:01]} Nc6 {[%emt 0:00:00]} 7. Bg2 {[%emt 0:00:01]} Bg4 {[%emt 0:00:01]} 8. O-O {[%emt 0:00:01]} O-O-O {[%emt 0:00:01]} 9. d5 {[%emt 0:00:01]} Ne5 {[%emt 0:00:03]} 10. Bf4 {[%emt 0:00:02]} Bxf3 {[%emt 0:00:02]} 11. Bxf3 {[%emt 0:00:01]} Nxf3+ {[%emt 0:00:01]} 12. Qxf3 {[%emt 0:00:02]} Qb6 {[%emt 0:00:00]} 13. Rfe1 {[%emt 0:00:02]} h6 {[%emt 0:00:02]} 14. Rad1 {[%emt 0:00:03]} g5 {[%emt 0:00:01]} 15. Be5 {[%emt 0:00:01]} Bg7 {[%emt 0:00:03]} 16. b3 {[%emt 0:00:02]} Rhe8 {[%emt 0:00:02]} 17. Na4 {[%emt 0:00:02]} Qa5 {[%emt 0:00:02]} 18. c4 {[%emt 0:00:01]} Qb4 {[%emt 0:00:10]} 19. Bc3 {[%emt 0:00:03]} Qd6 {[%emt 0:00:02]} 20. Be5 {[%emt 0:00:01]} Qb4 {[%emt 0:00:01]} 21. Re2 {[%emt 0:00:02]} b5 {[%emt 0:00:05]} 22. Bc3 {[%emt 0:00:02]} Qa3 {[%emt 0:00:03]} 23. Nb2 {[%emt 0:00:02]} b4 {[%emt 0:00:02]} 24. Bxf6 {[%emt 0:00:02]} Bxf6 {[%emt 0:00:01]} 25. Nd3 {[%emt 0:00:00]} Qa5 {[%emt 0:00:01]} 26. Qe3 {[%emt 0:00:02]} Qb6 {[%emt 0:00:02]} 27. c5 {[%emt 0:00:01]} Qb5 {[%emt 0:00:01]} 28. Qe4 {[%emt 0:00:01]} Qb7 {[%emt 0:00:01]} 29. c6 {[%emt 0:00:01]} Qb5 {[%emt 0:00:01]} 30. Ne5 {[%emt 0:00:02]} Bxe5 {[%emt 0:00:01]} 31. Qxe5 {[%emt 0:00:00]} e6 {[%emt 0:00:00]} 32. d6 {[%emt 0:00:02]} cxd6 {[%emt 0:00:01]} 33. Rxd6 {[%emt 0:00:03]} Qxe5 {[%emt 0:00:01]} 34. Rxd8+ {[%emt 0:00:01]} Kxd8 {[%emt 0:00:00]} 35. Rxe5 {[%emt 0:00:00]} Kc7 {[%emt 0:00:00]} 36. Kg2 {[%emt 0:00:01]} Kxc6 {[%emt 0:00:01]} 37. Re2 {[%emt 0:00:01]} a5 {[%emt 0:00:01]} 38. h4 {[%emt 0:00:00]} Kb6 {[%emt 0:00:00]} 39. hxg5 {[%emt 0:00:01]} hxg5 {[%emt 0:00:00]} 40. Re5 {[%emt 0:00:00]} f6 {[%emt 0:00:00]} 41. Re2 {[%emt 0:00:01]} e5 {[%emt 0:00:00]} 42. f4 {[%emt 0:00:00]} gxf4 {[%emt 0:00:00]} 43. gxf4 {[%emt 0:00:01]} Rg8+ {[%emt 0:00:00]} 44. Kf3 {[%emt 0:00:01]} exf4 {[%emt 0:00:00]} 45. Kxf4 {[%emt 0:00:00]} Rc8 {[%emt 0:00:00]} 46. Re6+ {[%emt 0:00:00]} Rc6 {[%emt 0:00:00]} 47. Re4 {[%emt 0:00:01]} Kb5 {[%emt 0:00:01]} 48. Kf5 {[%emt 0:00:01]} a4 {[%emt 0:00:00]} 49. Rd4 {[%emt 0:00:02]} axb3 {[%emt 0:00:00]} 50. axb3 {[%emt 0:00:00]} Rc5+ {[%emt 0:00:00]} 51. Rd5 {[%emt 0:00:00]} Rxd5+ {[%emt 0:00:01]} 52. Ke6 {[%emt 0:00:00]} Rd3 {[%emt 0:00:00]} 53. Kxf6 {[%emt 0:00:00]} Rxb3 {[%emt 0:00:00]} 0-1